=LDR 00000nam 2200000 4500 =001 INLIS000000000810577 =005 20260609101845 =035 ##$$a 0010-0626000014 =007 ta =008 260609################g##########0#ind## =020 ##$$a 722060116 , 9786230030932 =082 ##$$a 650.1 =084 ##$$a 650.1 DIN s =100 #$$a Dini Hertita =245 1#$$a Setiap Pebisnis Harus Punya Buku ini : $b Rahasia Meningkatkan Cuan Bagi Pebisnis Pemula =250 ##$$a Cet. 1 =260 ##$$a Jakarta :$b Gramedia,$c 2022 =300 ##$$a 205 hlm : $b ilustrasi ; $c 21 cm =600 #4$$a Bisnis, Kewirausahaan, Motivasi Sukses, Pelayanan Pelanggan =500 ##$$a Buku ini merupakan hibah dari santri kelas XII Angkatan 3